MLB Teams - Sudden Death - Statistics

General Stats
  • This quiz has been taken 1,472 times
  • The average score is 11 of 16
Answers on the Grid
Answers color-coded by a green-red scale on the quiz's grid according to % correct below.
New York Yankees
Houston Astros
New England Patriots
Cleveland Guardians
Baltimore Ravens
Minnesota Twins
New York Mets
Los Angeles Rams
Kansas City Chiefs
San Francisco Giants
Chicago Cubs
Boston White Sox
Chicago Red Sox
Atlanta City Winners
Arizona Diamondbacks
Atlanta Braves
Los Angeles Dodgers
Washington Tigers
Tampa Bay Suns
Kansas City Rulers
Philadelphia Phillies
Texas Texans
El Paso Cowboys
Buffalo Sabres
Pittsburgh Pirates
Cincinnati Reds
Denver Broncos
San Diego Padres
Oklahoma City Thunder
Seattle Mariners
Tallahassee Titans
Texas Rangers
 
Answer Stats
Answer % Correct
New York Yankees
97%
Houston Astros
85%
Minnesota Twins
81%
New York Mets
81%
Chicago Cubs
77%
Cleveland Guardians
75%
San Francisco Giants
73%
Los Angeles Dodgers
61%
Arizona Diamondbacks
60%
Atlanta Braves
60%
Cincinnati Reds
59%
Philadelphia Phillies
59%
Seattle Mariners
59%
Pittsburgh Pirates
58%
San Diego Padres
58%
Texas Rangers
58%
No matching quizzes found
Score Distribution
Percent of People with Each Score
Percentile by Number Answered
Your Score History
You have not taken this quiz